[Event "Zudov Memorial"]
[Site "Nizhnij Tagil"]
[Date "2023.07.30"]
[Round "7"]
[White "Lapin, Artem"]
[Black "Iskusnyh, Sergei"]
[Result "1-0"]
[WhiteElo "1775"]
[BlackElo "2440"]
[PlyCount "59"]
[EventDate "2023.07.29"]
[EventType "swiss (rapid)"]
[EventRounds "11"]
[EventCountry "RUS"]
[SourceTitle "CBM 215 Extra"]
[Source "ChessBase"]
[SourceDate "2023.09.30"]
[SourceVersion "1"]
[SourceVersionDate "2023.09.30"]
[SourceQuality "1"]

1. d4 d5 2. c4 c6 3. Nc3 Nf6 4. Bf4 dxc4 5. e3 Bg4 6. Nf3 e6 7. Bxc4 Nbd7 8. Be2 Be7 9. Qb3 Qb6 10. Qc2 c5 11. dxc5 Qxc5 12. Qb3 Qb4 13. 0-0 Qxb3 14. axb3 0-0 15. h3 Bh5 16. g4 Bg6 17. Nb5 Nd5 18. Rxa7 Rxa7 19. Nxa7 Nxf4 20. exf4 Bf6 21. Nb5 Bxb2 22. Nd6 Rb8 23. Rd1 Nb6 24. Nxb7 Nd5 25. f5 Rxb7 26. fxg6 hxg6 27. Bc4 Nf4 28. Rd8+ Kh7 29. Ng5+ Kh6 30. h4 1-0

[Event "Chigorin Memorial Blitz"]
[Site "St Petersburg"]
[Date "2022.10.21"]
[Round "2"]
[White "Volkov, Sergey"]
[Black "Lapin, Artem"]
[Result "1-0"]
[WhiteElo "2475"]
[BlackElo "1759"]
[PlyCount "78"]
[EventDate "2022.10.21"]
[EventType "swiss (blitz)"]
[EventRounds "11"]
[EventCountry "RUS"]
[SourceTitle "EXT 2024"]
[Source "ChessBase"]
[SourceDate "2023.10.10"]
[SourceVersion "1"]
[SourceVersionDate "2023.10.10"]
[SourceQuality "1"]

1. d4 d5 2. c4 e6 3. Nc3 Nf6 4. cxd5 exd5 5. Bg5 c6 6. e3 Bf5 7. Qf3 Bg6 8. Bxf6 Qxf6 9. Qxf6 gxf6 10. Nf3 Bd6 11. Nh4 Nd7 12. g3 Nf8 13. Kd2 Ne6 14. Bd3 0-0-0 15. a3 Rhe8 16. b4 Bf8 17. Rab1 Kb8 18. Rhc1 Bh6 19. Nf5 Bxf5 20. Bxf5 Nxd4 21. Bxh7 Nf3+ 22. Ke2 Ng5 23. Bf5 d4 24. Nd1 Re5 25. Bd3 Red5 26. f4 Ne6 27. e4 R5d7 28. Nf2 f5 29. exf5 Nc7 30. Be4 Re8 31. Kf3 Bg7 32. Re1 Nb5 33. Ng4 Nc3 34. f6 Bf8 35. Rbc1 Rd6 36. Bd3 Red8 37. h4 Nd5 38. h5 Nxf6 39. Ne5 Ng8 1-0

[Event "St Petersburg Korchnoi Memorial op"]
[Site "St Petersburg"]
[Date "2019.08.15"]
[Round "2"]
[White "Fakhrutdinov, Timur"]
[Black "Lapin, Artem"]
[Result "1-0"]
[WhiteElo "2499"]
[BlackElo "1675"]
[PlyCount "69"]
[EventDate "2019.08.14"]
[EventType "swiss"]
[EventRounds "9"]
[EventCountry "RUS"]
[SourceTitle "CBM 192"]
[Source "ChessBase"]
[SourceDate "2019.10.31"]
[SourceVersion "1"]
[SourceVersionDate "2019.10.31"]
[SourceQuality "1"]

1. e4 e6 2. d4 d5 3. Nc3 Bb4 4. e5 c5 5. a3 Bxc3+ 6. bxc3 Qa5 7. Bd2 c4 8. Qg4 Kf8 9. h4 Qa4 10. Qd1 Ne7 11. h5 h6 12. Nf3 Nbc6 13. g4 Bd7 14. Nh4 Ke8 15. f4 Kd8 16. Bh3 g6 17. hxg6 fxg6 18. f5 exf5 19. Nxg6 Nxg6 20. gxf5 Bxf5 21. Bxf5 Nge7 22. Bh3 Kc7 23. Be3 Kb6 24. Kd2 a6 25. Qg4 Rag8 26. Qd7 Ka7 27. Rab1 Rb8 28. Bf4 Ng6 29. Bh2 Nge7 30. e6 Qa5 31. Bc7 Qa4 32. Rhg1 Rhf8 33. Rgf1 Rg8 34. Bxb8+ Rxb8 35. Rf8 1-0

[Event "Chigorin Memorial 26th"]
[Site "St Petersburg"]
[Date "2018.10.30"]
[Round "4"]
[White "Lapin, Artem"]
[Black "Kirchei, Viktoriia"]
[Result "0-1"]
[WhiteElo "1496"]
[BlackElo "2002"]
[PlyCount "144"]
[EventDate "2018.10.27"]
[EventType "swiss"]
[EventRounds "9"]
[EventCountry "RUS"]
[SourceTitle "CBM 187 Extra"]
[Source "ChessBase"]
[SourceDate "2018.11.04"]
[SourceVersion "1"]
[SourceVersionDate "2018.11.04"]
[SourceQuality "1"]

1. e4 c5 2. Nf3 Nc6 3. Bb5 g6 4. c3 Bg7 5. d4 cxd4 6. cxd4 Qb6 7. Bxc6 bxc6 8. Nc3 d6 9. h3 Ba6 10. Rb1 Rb8 11. Qb3 Qxb3 12. axb3 Rxb3 13. Ra1 Rb6 14. d5 Bxc3+ 15. bxc3 c5 16. Be3 Nf6 17. Nd2 0-0 18. f3 Rfb8 19. Kf2 Ne8 20. h4 Ng7 21. g4 e6 22. f4 exd5 23. exd5 Ne8 24. Ne4 Bc4 25. Rhd1 Rb2+ 26. Kg3 Re2 27. Kf3 Rc2 28. Kg3 f5 29. gxf5 gxf5 30. Nd2 Bxd5 31. Kf2 Nf6 32. Rac1 Ng4+ 33. Ke2 Rxc1 34. Rxc1 Re8 35. Nf1 Bc4+ 36. Kd2 Bxf1 37. Rxf1 Rxe3 38. Rg1 Rf3 39. Ra1 Rf2+ 40. Kd3 Rxf4 41. Rxa7 Ne5+ 42. Ke2 Rxh4 43. Ra6 Rh2+ 44. Ke3 Rc2 45. Kf4 Nf7 46. Kxf5 Rxc3 47. Kf6 Rf3+ 48. Ke7 c4 49. Ra1 Ng5 50. Rg1 h6 51. Kxd6 Kf7 52. Kd5 c3 53. Rc1 Kf6 54. Rh1 Nf7 55. Ke4 Ng5+ 56. Kd4 Kg6 57. Rc1 h5 58. Rc2 h4 59. Rh2 h3 60. Rc2 Kf5 61. Rh2 Kg4 62. Rh1 c2 63. Rg1+ Rg3 64. Rh1 h2 65. Re1 Nf3+ 66. Kc3 Nxe1+ 67. Kd2 h1Q 68. Kc1 Nd3+ 69. Kd2 Qe1+ 70. Kxc2 Nb4+ 71. Kb2 Qd2+ 72. Kb1 Rg1# 0-1

[Event "Chigorin Memorial 26th"]
[Site "St Petersburg"]
[Date "2018.10.29"]
[Round "3"]
[White "Ponomarev, Denis1111"]
[Black "Lapin, Artem"]
[Result "1-0"]
[WhiteElo "1879"]
[BlackElo "1496"]
[PlyCount "199"]
[EventDate "2018.10.27"]
[EventType "swiss"]
[EventRounds "9"]
[EventCountry "RUS"]
[SourceTitle "CBM 187 Extra"]
[Source "ChessBase"]
[SourceDate "2018.11.04"]
[SourceVersion "1"]
[SourceVersionDate "2018.11.04"]
[SourceQuality "1"]

1. e4 e6 2. d4 d5 3. Nd2 c5 4. exd5 Qxd5 5. Ngf3 cxd4 6. Bc4 Qd8 7. 0-0 Nf6 8. Nb3 Bd6 9. Nbxd4 a6 10. Re1 0-0 11. a4 Qc7 12. Bd3 Nc6 13. Nxc6 bxc6 14. Bg5 Bb7 15. Qe2 c5 16. h3 Rac8 17. Bxa6 Bxa6 18. Qxa6 c4 19. Bxf6 gxf6 20. Qb5 f5 21. b3 Rb8 22. Qxc4 Qxc4 23. bxc4 Rfc8 24. Ne5 Rb7 25. a5 Rc5 26. Nd3 Rxc4 27. Ra2 Rc6 28. a6 Ra7 29. Rea1 Be7 30. Ne5 Rc5 31. f4 f6 32. Nd3 Rc6 33. Kf1 Bd6 34. Ke2 e5 35. fxe5 fxe5 36. Rf1 e4 37. Ne1 f4 38. Ra4 Raxa6 39. Rxe4 Ra3 40. Rf3 Rxf3 41. Kxf3 Rc3+ 42. Ke2 Kf7 43. Rd4 Ke6 44. Rd3 Rc4 45. Kd1 Ra4 46. Nf3 Ra1+ 47. Ke2 Ra2 48. Rc3 Kd5 49. Kd3 Ra1 50. Rb3 Rd1+ 51. Ke2 Rc1 52. Kd2 Ra1 53. Rb7 Kc4 54. Rxh7 Rf1 55. Ke2 Rc1 56. Kd2 Rf1 57. Rg7 Rf2+ 58. Kd1 Rf1+ 59. Ke2 Rc1 60. Nd2+ Kd5 61. Kd3 Re1 62. c4+ Ke6 63. Rg6+ Kd7 64. Nf3 Re3+ 65. Kd4 Ba3 66. h4 Ke7 67. Kd5 Bb2 68. h5 Rd3+ 69. Ke4 Rc3 70. Kxf4 Rxc4+ 71. Kg3 Ba3 72. Rg4 Rc5 73. Re4+ Kf6 74. Kg4 Bc1 75. Ra4 Rc6 76. Kh4 Be3 77. Re4 Rc3 78. Kg4 Bc1 79. Ra4 Rc6 80. Ne1 Rd6 81. g3 Be3 82. Ng2 Bh6 83. Nf4 Rc6 84. Ra5 Rc4 85. Ra6+ Kg7 86. Ra7+ Kf6 87. Rh7 Bxf4 88. gxf4 Rc1 89. Rh6+ Kf7 90. Ra6 Rc7 91. Kg5 Rc1 92. Ra7+ Kg8 93. f5 Rc5 94. Kg6 Rc8 95. f6 Rf8 96. Re7 Ra8 97. f7+ Kf8 98. Re8+ Rxe8 99. fxe8Q+ Kxe8 100. Kg7 1-0